000 00972nam a2200253 a 4500
001 12504937
008 120706s2001 ||||||||||||||||| || u
010 _a2001273305
020 _a0761960619
020 _a0761960627 (pbk.)
050 _aHA 29 Dia
100 _aDiamond, Ian
245 1 0 _aBeginning statistics: an introduction for social scientists
_cIan Diamond and Julie Jefferies
260 _aThousand Oaks, CA
_bSAGE Publications
_c2001
300 _ax, 254p.: ill.
350 _a0.00
500 _aBibliography
650 0 _aSTATISTICS--METHODOLOGY
650 0 _aSOCIAL SCEINCES--STATISTICAL METHODS
700 _aJefferies, Julie
856 _uhttp://www.loc.gov/catdir/enhancements/fy0658/2001273305-d.html
856 _uhttp://www.loc.gov/catdir/enhancements/fy0658/2001273305-t.html
995 _FCBU-MAIN LIBRARY (Kitwe)
_I0.00
_M1
_UAVAILABLE
_WJul 6, 2012
_ZMain Library Open Access Collection
999 _c35691
_d35691